[Event "Capablanca Memorial 2015"]
[Site "Havana CUB"]
[Date "2015.06.18"]
[Round "4"]
[White "Yu Yangyi"]
[Black "Bruzon Batista, L."]
[Result "1-0"]
[WhiteElo "2715"]
[BlackElo "2677"]
[PlyCount "131"]
[EventDate "2015.06.15"]

1. e4 e5 2. Nf3 Nc6 3. Bb5 Nf6 4. d3 Bc5 5. Bxc6 dxc6 6. Nbd2 O-O 7. Nc4 Nd7 8.
O-O Re8 9. a4 Bd6 10. c3 c5 11. Bg5 f6 12. Qb3 Kh8 13. Be3 Bf8 14. Rad1 Nb6 15.
d4 exd4 16. cxd4 Be6 17. d5 Bd7 18. Qc2 Bxa4 19. b3 Bb5 20. Rfe1 Nd7 21. Bf4
Bxc4 22. bxc4 Bd6 23. Bxd6 cxd6 24. Nh4 a6 25. Rb1 Rb8 26. Ra1 g6 27. Qc3 Ne5
28. f4 Nf7 29. Nf3 Kg8 30. h3 Ra8 31. Qb2 Rb8 32. Kh2 Qe7 33. Qc3 Ra8 34. Rab1
Rab8 35. Rb6 Rbd8 36. Kh1 Rd7 37. Nh2 Nh6 38. Qb2 Qg7 39. Nf3 Ree7 40. e5 fxe5
41. fxe5 dxe5 42. Ng5 Nf5 43. Ne4 Rd8 44. Nxc5 Qh6 45. Re6 Rf7 46. Qxe5 Qh4 47.
Kh2 Nd4 48. Re8+ Rxe8 49. Qxe8+ Rf8 50. Qe3 Rf2 51. Kh1 Rf3 52. Qe8+ Rf8 53.
Qe5 Rf5 54. Qb8+ Kg7 55. Qxb7+ Kh6 56. Qb1 Rf3 57. Qc1+ g5 58. Re3 Rf2 59. Re4
Rf4 60. Rxf4 gxf4 61. Qd2 Nf5 62. Ne6 Ne3 63. d6 Qf6 64. Qd4 Qxe6 65. d7 Qc6
66. Qxf4+ 1-0

[Event "Capablanca Memorial 2015"]
[Site "Havana CUB"]
[Date "2015.06.18"]
[Round "4"]
[White "Eljanov, P."]
[Black "Dominguez Perez, L."]
[Result "1/2-1/2"]
[WhiteElo "2718"]
[BlackElo "2746"]
[PlyCount "77"]
[EventDate "2015.06.15"]

1. c4 c5 2. Nc3 Nc6 3. g3 g6 4. Bg2 Bg7 5. a3 d6 6. Nf3 e6 7. b4 Nge7 8. Rb1
O-O 9. O-O b6 10. e3 Bb7 11. Qb3 Qd7 12. Bb2 Ne5 13. Nxe5 Bxe5 14. Bxb7 Qxb7
15. Nb5 Bxb2 16. Qxb2 Rfd8 17. Qf6 Rac8 18. d3 a6 19. Nc3 cxb4 20. axb4 b5 21.
cxb5 axb5 22. Rfc1 Rb8 23. h4 Nd5 24. Nxd5 Qxd5 25. Rc7 Rf8 26. d4 Rbc8 27.
Rbc1 Rxc7 28. Rxc7 Qb3 29. Kh2 Qxb4 30. Rd7 d5 31. h5 gxh5 32. Qg5+ Kh8 33.
Qf6+ Kg8 34. Qg5+ Kh8 35. Qxh5 Qb1 36. Rb7 b4 37. Qe5+ Kg8 38. Qg5+ Qg6 39.
Qxg6+ 1/2-1/2

[Event "Capablanca Memorial 2015"]
[Site "Havana CUB"]
[Date "2015.06.19"]
[Round "5"]
[White "Bruzon Batista, Lazaro"]
[Black "Eljanov, Pavel"]
[Result "1-0"]
[WhiteElo "2677"]
[BlackElo "2718"]
[PlyCount "121"]
[EventDate "2015.06.15"]

1. e4 e5 2. Nf3 Nc6 3. Bb5 a6 4. Ba4 Nf6 5. O-O Be7 6. Re1 b5 7. Bb3 d6 8. a4
Bd7 9. c3 O-O 10. d4 h6 11. Nbd2 Re8 12. Nf1 Bf8 13. Ng3 Na5 14. Bc2 c5 15. h3
Qc7 16. d5 c4 17. Be3 Nb7 18. Nd2 g6 19. Qe2 Nc5 20. Ra3 Rec8 21. axb5 axb5 22.
Rea1 Qb7 23. Qd1 h5 24. R1a2 Rxa3 25. Rxa3 b4 26. cxb4 Qxb4 27. Qa1 Rb8 28. Rc3
Bb5 29. Qa3 Qxa3 30. bxa3 Rc8 31. f3 Be7 32. Ne2 Bd8 33. Nxc4 Ncxe4 34. fxe4
Rxc4 35. Kf2 Ba5 36. Rxc4 Bxc4 37. Kf3 Kg7 38. Nc1 Nd7 39. g4 f5 40. exf5 Bxd5+
41. Be4 Bxe4+ 42. Kxe4 Nf6+ 43. Kf3 gxf5 44. gxf5 d5 45. Nb3 Bc3 46. a4 Ne8 47.
Bb6 Nd6 48. a5 Nc4 49. Bc7 e4+ 50. Kf4 Be1 51. a6 Bf2 52. Be5+ Nxe5 53. Kxe5
Ba7 54. Kxd5 e3 55. Nc1 Kf6 56. Ke4 Bc5 57. Ne2 Ba7 58. Nc3 Kf7 59. Kf3 Kf6 60.
Nb5 Bc5 61. a7 1-0

[Event "Capablanca Memorial 2015"]
[Site "Havana CUB"]
[Date "2015.06.19"]
[Round "5"]
[White "Dominguez Perez, Leinier"]
[Black "Andreikin, Dmitry"]
[Result "1/2-1/2"]
[WhiteElo "2746"]
[BlackElo "2718"]
[PlyCount "26"]
[EventDate "2015.06.15"]

1. e4 c5 2. Nf3 e6 3. d4 cxd4 4. Nxd4 Nc6 5. Nc3 a6 6. Be3 Nf6 7. Qd2 e5 8. Nf5
d5 9. exd5 Nb4 10. Ng3 Nbxd5 11. Nxd5 Qxd5 12. O-O-O Be6 13. Qxd5 Nxd5 1/2-1/2

[Event "10th Edmonton International 2015"]
[Site "Edmonton CAN"]
[Date "2015.06.20"]
[Round "1"]
[White "Ivanchuk, V."]
[Black "Ganguly, S."]
[Result "1/2-1/2"]
[WhiteElo "2733"]
[BlackElo "2625"]
[PlyCount "90"]
[EventDate "2015.06.20"]

1. c4 Nf6 2. Nc3 d5 3. d4 g6 4. Nf3 Bg7 5. Qb3 dxc4 6. Qxc4 O-O 7. e4 Nc6 8.
Bf4 Bg4 9. d5 Bxf3 10. gxf3 Nh5 11. dxc6 b5 12. Qxb5 Rb8 13. Qa5 Nxf4 14. Rd1
Qc8 15. b3 Rb6 16. Nd5 Nxd5 17. Rxd5 Rxc6 18. Bc4 Qh3 19. Ke2 a6 20. Rd3 Qg2
21. Qe1 Rd6 22. Qg1 Qxg1 23. Rxg1 Be5 24. h4 Rxd3 25. Bxd3 Bf4 26. Rd1 Rd8 27.
Bc4 Rxd1 28. Kxd1 a5 29. Ke2 Be5 30. Kf1 Bf6 31. h5 gxh5 32. f4 e6 33. e5 Be7
34. Kg2 Kg7 35. Bd3 Bb4 36. f5 Bd2 37. Kg3 Be1 38. Kg2 h4 39. f4 Bd2 40. fxe6
fxe6 41. f5 exf5 42. Bxf5 Bf4 43. e6 Kf6 44. Bxh7 Kxe6 45. Bg8+ Ke5 1/2-1/2

[Event "10th Edmonton International 2015"]
[Site "Edmonton CAN"]
[Date "2015.06.20"]
[Round "1"]
[White "Harikrishna, P."]
[Black "Shankland, S."]
[Result "1-0"]
[WhiteElo "2733"]
[BlackElo "2656"]
[PlyCount "89"]
[EventDate "2015.06.20"]

1. Nf3 d5 2. g3 Nf6 3. Bg2 e6 4. O-O Be7 5. c4 O-O 6. b3 c5 7. Bb2 d4 8. e3 Nc6
9. exd4 cxd4 10. Re1 Qb6 11. d3 Nd7 12. a3 a5 13. Nbd2 e5 14. Qc2 f6 15. Ne4
Rd8 16. Rab1 Nc5 17. Nxc5 Bxc5 18. Bc1 Qc7 19. Nd2 Be7 20. Ne4 Be6 21. f4 exf4
22. Bxf4 Qd7 23. c5 Re8 24. Qf2 Ne5 25. Bxe5 fxe5 26. Qe2 Rec8 27. Rec1 Ra6 28.
Rc2 Bf5 29. b4 axb4 30. axb4 Ra3 31. b5 Ra5 32. c6 bxc6 33. bxc6 Rxc6 34. Rxc6
Qxc6 35. Rb8+ Bf8 36. Qf1 Qc7 37. Rxf8+ Kxf8 38. Qxf5+ Qf7 39. Qc8+ Qe8 40. Qc1
Qe7 41. Ng5 g6 42. Nxh7+ Kg7 43. Ng5 Ra3 44. Bf1 Rb3 45. h4 1-0

[Event "10th Edmonton International 2015"]
[Site "Edmonton CAN"]
[Date "2015.06.20"]
[Round "1"]
[White "Haessel, D."]
[Black "Pechenkin, V."]
[Result "0-1"]
[WhiteElo "2180"]
[BlackElo "2314"]
[PlyCount "66"]
[EventDate "2015.06.20"]

1. d4 e6 2. g3 c5 3. Nf3 d5 4. Bg2 Nc6 5. c4 dxc4 6. Qa4 Bd7 7. dxc5 Rc8 8.
Qxc4 Qa5+ 9. Nc3 Qxc5 10. Qb3 Qb4 11. Qc2 Nf6 12. O-O Be7 13. Bf4 O-O 14. Rac1
Rfd8 15. e4 h6 16. e5 Nh7 17. Rfe1 Qa5 18. h4 Nb4 19. Qb1 Bc6 20. Rcd1 Rxd1 21.
Rxd1 Nd5 22. Bd2 Nxc3 23. Bxc3 Qb6 24. Qd3 Rd8 25. Qe2 Rxd1+ 26. Qxd1 Nf8 27.
h5 Bc5 28. Qe2 Bd5 29. b3 Qc6 30. Bb2 Nh7 31. Ne1 Bxg2 32. Nxg2 Ng5 33. Kh1 Ne4
0-1

[Event "10th Edmonton International 2015"]
[Site "Edmonton CAN"]
[Date "2015.06.20"]
[Round "1"]
[White "Matras Clement, A."]
[Black "Gardner, R."]
[Result "1-0"]
[WhiteElo "2269"]
[BlackElo "2133"]
[PlyCount "59"]
[EventDate "2015.06.20"]

1. e4 d6 2. d4 Nf6 3. Nc3 g6 4. f4 Bg7 5. Nf3 c5 6. Bb5+ Bd7 7. e5 Ng4 8. Bxd7+
Qxd7 9. d5 dxe5 10. h3 e4 11. Nxe4 Nf6 12. Nxf6+ exf6 13. O-O O-O 14. c4 f5 15.
Qb3 b6 16. Bd2 Qd6 17. Bc3 Bxc3 18. Qxc3 Qxf4 19. Ne5 Qh4 20. Rad1 f6 21. Nf3
Qg3 22. Rfe1 Nd7 23. Re7 Rf7 24. d6 Qf4 25. Qd3 Raf8 26. Qd5 Kg7 27. Qe6 Ne5
28. Nxe5 fxe5 29. Rxf7+ Rxf7 30. d7 1-0

[Event "Norway Chess 2015"]
[Site "Stavanger NOR"]
[Date "2015.06.21"]
[Round "5"]
[White "Vachier Lagrave, M."]
[Black "Giri, A."]
[Result "1/2-1/2"]
[WhiteElo "2723"]
[BlackElo "2773"]
[PlyCount "94"]
[EventDate "2015.06.17"]

1. c4 e6 2. Nc3 d5 3. d4 c6 4. e3 Nf6 5. Nf3 Nbd7 6. Qc2 Bd6 7. Bd3 O-O 8. O-O
e5 9. cxd5 cxd5 10. e4 exd4 11. Nxd5 Nxd5 12. exd5 h6 13. Nxd4 Qh4 14. Nf3 Qh5
15. Bh7+ Kh8 16. Qf5 Qxf5 17. Bxf5 Nf6 18. Bc2 b6 19. Ba4 Bb7 20. Bc6 Bxc6 21.
dxc6 Rac8 22. Be3 Rxc6 23. Rad1 Re8 24. Bd4 Bf8 25. g3 Kg8 26. Kg2 Ne4 27. Rfe1
Rce6 28. Re3 Nc5 29. Ra3 a5 30. Re3 Rd8 31. Rc1 Rxe3 32. Bxe3 Nd3 33. Rc3 Nxb2
34. Bxb6 Na4 35. Bxd8 Nxc3 36. Bxa5 Nxa2 37. Nd4 Nc1 38. Bd2 Nd3 39. Nf5 h5 40.
h3 f6 41. Kf3 Kf7 42. Ke2 Ne5 43. Bc3 Nc6 44. g4 hxg4 45. hxg4 g6 46. Nd4 Nxd4+
47. Bxd4 Ke6 1/2-1/2

[Event "Norway Chess 2015"]
[Site "Stavanger NOR"]
[Date "2015.06.21"]
[Round "5"]
[White "Carlsen, M."]
[Black "Grischuk, A."]
[Result "1-0"]
[WhiteElo "2876"]
[BlackElo "2781"]
[PlyCount "89"]
[EventDate "2015.06.17"]

1. Nf3 c5 2. e4 d6 3. d4 cxd4 4. Nxd4 Nf6 5. Nc3 a6 6. g3 e5 7. Nde2 Be7 8. Bg2
b5 9. Nd5 Nbd7 10. Nec3 Bb7 11. a4 Nxd5 12. Nxd5 Nf6 13. axb5 Nxd5 14. exd5
axb5 15. Rxa8 Qxa8 16. Qd3 O-O 17. O-O Bc8 18. Be3 Bd7 19. Rc1 h6 20. Qd1 Qb7
21. Ra1 Ra8 22. h4 Ra6 23. b3 Bd8 24. c4 bxc4 25. bxc4 Bb6 26. c5 Bxc5 27. Bxc5
dxc5 28. d6 Qb6 29. Rxa6 Qxa6 30. Bd5 Qc8 31. Qb3 Be8 32. Qc3 c4 33. Bxc4 Bd7
34. Qb3 Qe8 35. Qf3 Kf8 36. h5 Kg8 37. Qe4 Bc6 38. Bd5 Bd7 39. Kg2 Kh8 40. f4
exf4 41. Qxe8+ Bxe8 42. Bxf7 Bc6+ 43. Kf2 fxg3+ 44. Kxg3 Bd7 45. Bg6 1-0

[Event "Norway Chess 2015"]
[Site "Stavanger NOR"]
[Date "2015.06.21"]
[Round "5"]
[White "Hammer, J."]
[Black "Topalov, V."]
[Result "0-1"]
[WhiteElo "2677"]
[BlackElo "2798"]
[PlyCount "148"]
[EventDate "2015.06.17"]

1. d4 d5 2. c4 c6 3. Nf3 Nf6 4. e3 Bf5 5. Nc3 e6 6. Nh4 Bg6 7. Nxg6 hxg6 8. Bd2
Nbd7 9. Qc2 a6 10. O-O-O Be7 11. Kb1 Qc7 12. h3 Rd8 13. c5 e5 14. f4 exd4 15.
exd4 Nh5 16. Ne2 Nhf6 17. Nc3 Nh5 18. Ne2 Nhf6 19. Ng3 Ng8 20. Bd3 f5 21. Nxf5
gxf5 22. Bxf5 Ndf6 23. Bg6+ Kf8 24. g4 Ne4 25. g5 Rh4 26. Bc1 Qd7 27. Qg2 b6
28. cxb6 Bd6 29. Bxe4 dxe4 30. d5 Ne7 31. dxc6 Qxc6 32. Rhe1 Qxb6 33. Qxe4 Bc5
34. Rxd8+ Qxd8 35. Qc4 Qd4 36. Qxa6 g6 37. Re5 Qd6 38. Qa8+ Kg7 39. Qf3 Bd4 40.
Re2 Qd7 41. Qd3 Nc6 42. Rh2 Nb4 43. Qc4 Rxh3 44. Rd2 Qf5+ 45. Ka1 Bc5 46. a3
Nd3 47. Rd1 Nxc1 48. Rxc1 Bf8 49. Qd4+ Kg8 50. Rc7 Qe6 51. Qc4 Qxc4 52. Rxc4
Kf7 53. a4 Rb3 54. a5 Rb5 55. Ra4 Bg7 56. Ra2 Bd4 57. Ra4 Bxb2+ 58. Ka2 Bc1 59.
a6 Rb2+ 60. Ka1 Rb8 61. Rc4 Be3 62. Rc7+ Kg8 63. Rc6 Bd4+ 64. Ka2 Kf7 65. Rd6
Bc3 66. Rc6 Bh8 67. Ka3 Bd4 68. Ka4 Rf8 69. Kb5 Kg7 70. Rc7+ Rf7 71. Rxf7+ Kxf7
72. Kc4 Ba7 73. Kd5 Ke7 74. Kc6 Ke6 0-1

[Event "Norway Chess 2015"]
[Site "Stavanger NOR"]
[Date "2015.06.21"]
[Round "5"]
[White "Aronian, L."]
[Black "Caruana, F."]
[Result "1-0"]
[WhiteElo "2780"]
[BlackElo "2805"]
[PlyCount "119"]
[EventDate "2015.06.17"]

1. c4 c5 2. Nf3 Nf6 3. e3 e6 4. d4 d5 5. cxd5 exd5 6. Bb5+ Bd7 7. Bxd7+ Nbxd7
8. dxc5 Nxc5 9. O-O Be7 10. Nc3 O-O 11. b3 Nce4 12. Ne2 Qa5 13. Bb2 Ba3 14.
Bxa3 Qxa3 15. Qc1 Qa6 16. Qb2 Rac8 17. Nfd4 Rc7 18. Rac1 Rfc8 19. a4 Qb6 20.
Nb5 Rxc1 21. Rxc1 Rxc1+ 22. Qxc1 g6 23. f3 Nc5 24. Qc3 a6 25. Nbd4 Qd6 26. h4
b6 27. g3 a5 28. Nb5 Qe7 29. Nf4 h6 30. Nd4 Qe5 31. Nfe2 Nfd7 32. Kg2 Kh7 33.
Nf4 g5 34. hxg5 hxg5 35. Nh5 g4 36. fxg4 Qe4+ 37. Nf3 Qxg4 38. Nf6+ Nxf6 39.
Qxf6 Qxg3+ 40. Kxg3 Ne4+ 41. Kf4 Nxf6 42. Ke5 Kg6 43. Nd4 Kg5 44. Kd6 Ng4 45.
Nc2 Kf5 46. Kxd5 Nf6+ 47. Kc6 Ke4 48. Kxb6 Kd3 49. Ne1+ Kxe3 50. Kxa5 Kd2 51.
Nf3+ Kc3 52. b4 Nd5 53. b5 Kb3 54. Ne5 f5 55. Nd7 Ne3 56. b6 Nc4+ 57. Kb5 Nd6+
58. Kc6 Nc4 59. Kc5 Na5 60. Kb5 1-0

[Event "Capablanca Memorial 2015"]
[Site "Havana CUB"]
[Date "2015.06.21"]
[Round "6"]
[White "Andreikin, Dmitry"]
[Black "Yu, Yangyi"]
[Result "1-0"]
[WhiteElo "2718"]
[BlackElo "2715"]
[PlyCount "131"]
[EventDate "2015.06.15"]

1. e4 c5 2. Nf3 Nc6 3. Bb5 g6 4. Bxc6 bxc6 5. O-O Bg7 6. Re1 Rb8 7. e5 Nh6 8.
Nc3 O-O 9. Na4 d6 10. b3 Bg4 11. Bb2 Nf5 12. h3 Bxf3 13. Qxf3 Nd4 14. Bxd4 cxd4
15. exd6 Qxd6 16. Nb2 e5 17. Nc4 Qc5 18. Re2 f5 19. Rae1 Rbe8 20. d3 Re6 21. b4
Qe7 22. a3 h5 23. h4 Kh7 24. Qh3 Re8 25. Nd2 Qd6 26. g3 Bf6 27. Qg2 Kg7 28. Nb3
Kf7 29. Nc5 R6e7 30. Nb3 Qd5 31. Na5 Re6 32. Nc4 e4 33. Nd2 e3 34. Qxd5 cxd5
35. Nf3 Rc8 36. Kf1 exf2 37. Kxf2 Ra6 38. Ng5+ Bxg5 39. hxg5 Rxa3 40. Kf3 Rc7
41. Re6 Ra2 42. Rf6+ Kg7 43. Ree6 Raxc2 44. Rxg6+ Kf8 45. Rgf6+ Kg7 46. Rg6+
Kf8 47. Rh6 Re7 48. Rhf6+ Rf7 49. Rh6 Re7 50. Rh8+ Kf7 51. Rxe7+ Kxe7 52. Rh7+
Ke6 53. Rxa7 Rb2 54. Ra6+ Kf7 55. g6+ Kg7 56. Kf4 Kh6 57. Kxf5 Rf2+ 58. Ke5 Rf3
59. Kxd4 Rxg3 60. b5 h4 61. Ra1 Rxg6 62. Rb1 Rg8 63. b6 Rb8 64. b7 Kg5 65. Kxd5
h3 66. Ke4 1-0

[Event "Capablanca Memorial 2015"]
[Site "Havana CUB"]
[Date "2015.06.21"]
[Round "6"]
[White "Nepomniachtchi, Ian"]
[Black "Eljanov, Pavel"]
[Result "0-1"]
[WhiteElo "2720"]
[BlackElo "2718"]
[PlyCount "104"]
[EventDate "2015.06.15"]

1. e4 e5 2. Nf3 Nc6 3. d4 exd4 4. Nxd4 Nf6 5. Nxc6 bxc6 6. e5 Qe7 7. Qe2 Nd5 8.
c4 Nb6 9. Nc3 Ba6 10. b3 O-O-O 11. Bb2 Re8 12. f4 f6 13. O-O-O fxe5 14. Qxe5
Qxe5 15. fxe5 Rxe5 16. Bd3 Re3 17. a4 Nd5 18. Rhf1 Nb4 19. Bf5 Bd6 20. Kd2 Rhe8
21. Bxh7 Bxh2 22. Bg6 R8e7 23. Rf8+ Kb7 24. Rh1 Bg3 25. Ba3 c5 26. Bxb4 cxb4
27. Nd5 Re2+ 28. Kd3 R7e5 29. Rhh8 Be1 30. Rb8+ Kc6 31. Kd4 Rxd5+ 32. cxd5+ Kd6
33. Rb5 Bc3+ 34. Kd3 Rxg2 35. Be4 Bxb5+ 36. axb5 Rg3+ 37. Ke2 Bd4 38. Bf3 g5
39. Rh6+ Ke5 40. d6 cxd6 41. Rh8 Bc5 42. Re8+ Kd4 43. Re3 Rh3 44. Rd3+ Ke5 45.
Bg4 Rh2+ 46. Ke1 Kf4 47. Bxd7 g4 48. Bc6 g3 49. Rd2 Ke3 50. Bg2 Bd4 51. Re2+
Kd3 52. Kf1 Rxg2 0-1

[Event "10th Edmonton International 2015"]
[Site "Edmonton CAN"]
[Date "2015.06.21"]
[Round "2"]
[White "Pechenkin, V."]
[Black "Ivanchuk, V."]
[Result "0-1"]
[WhiteElo "2314"]
[BlackElo "2733"]
[PlyCount "66"]
[EventDate "2015.06.20"]

1. c4 c6 2. g3 d5 3. Nf3 dxc4 4. Bg2 Nd7 5. Na3 Nb6 6. Ne5 Qd4 7. f4 f6 8. e3
Qc5 9. d4 cxd3 10. Nxd3 Qd6 11. O-O Bf5 12. e4 Qd4+ 13. Nf2 Qxd1 14. Rxd1 Bg6
15. Nd3 Bh5 16. Re1 e5 17. Be3 O-O-O 18. Bh3+ Kb8 19. Bf1 exf4 20. gxf4 Nh6 21.
h3 Bd6 22. b4 Nf7 23. Nc5 g5 24. Bd4 Bxc5 25. Bxc5 gxf4 26. Nc4 Rhg8+ 27. Kf2
Nxc4 28. Bxc4 b6 29. Bxf7 Rd2+ 30. Re2 Rxe2+ 31. Kf1 bxc5 32. Bxg8 cxb4 33.
Bxh7 Rh2 0-1

[Event "10th Edmonton International 2015"]
[Site "Edmonton CAN"]
[Date "2015.06.21"]
[Round "2"]
[White "Matras Clement, A."]
[Black "Harikrishna, P."]
[Result "0-1"]
[WhiteElo "2269"]
[BlackElo "2733"]
[PlyCount "84"]
[EventDate "2015.06.20"]

1. e4 e6 2. d4 d5 3. Nd2 Be7 4. Bd3 c5 5. dxc5 Nf6 6. Qe2 O-O 7. Ngf3 a5 8. O-O
Na6 9. e5 Nd7 10. Nb3 a4 11. Nbd4 Ndxc5 12. Bb5 Nc7 13. Bf4 Nxb5 14. Nxb5 Bd7
15. Nfd4 Qb6 16. Rab1 Ne4 17. c4 Bc5 18. Be3 Bxb5 19. Nxb5 Bxe3 20. fxe3 dxc4
21. Na3 c3 22. bxc3 Qc5 23. Nb5 Qxe5 24. Rb4 Rad8 25. Rxa4 Nxc3 26. Nxc3 Qxc3
27. Qf3 Rd7 28. Rb1 Rd3 29. Qxb7 Rxe3 30. Rf1 h6 31. Raf4 Re1 32. Rxe1 Qxe1+
33. Rf1 Qe3+ 34. Kh1 Qa3 35. Qb1 Ra8 36. Rf2 f5 37. h3 Kh7 38. Re2 Rc8 39. Qb3
Rc1+ 40. Kh2 Qd6+ 41. g3 Qc6 42. Rg2 Qe4 0-1

[Event "10th Edmonton International 2015"]
[Site "Edmonton CAN"]
[Date "2015.06.21"]
[Round "2"]
[White "Shankland, S."]
[Black "Hambleton, A."]
[Result "1-0"]
[WhiteElo "2656"]
[BlackElo "2446"]
[PlyCount "115"]
[EventDate "2015.06.20"]

1. c4 c5 2. g3 e6 3. Nf3 b6 4. Bg2 Bb7 5. O-O Nf6 6. Nc3 a6 7. Re1 d6 8. e4 Be7
9. d4 cxd4 10. Nxd4 Qc7 11. b3 O-O 12. Bb2 Nbd7 13. Qe2 Rfe8 14. Rad1 Bf8 15.
Nc2 Rad8 16. Ne3 h5 17. f4 g6 18. Qd2 Bc6 19. Qc2 Qb8 20. a4 Bb7 21. h3 Qc7 22.
Qf2 Bg7 23. b4 Qb8 24. Bf3 a5 25. bxa5 bxa5 26. Ba3 Nc5 27. Bxc5 dxc5 28. e5
Bxf3 29. Qxf3 Nd7 30. Nb5 Bf8 31. Rb1 Nb6 32. Qc6 Rc8 33. Qe4 Red8 34. g4 hxg4
35. hxg4 Qa8 36. Qxa8 Nxa8 37. g5 Kg7 38. Kf2 Rd7 39. Red1 Rxd1 40. Nxd1 Be7
41. Ndc3 Rb8 42. Ne4 Nc7 43. Rd1 Rd8 44. Nbd6 Na6 45. Rh1 Rb8 46. Ke3 Rb3+ 47.
Kd2 Rb8 48. Kc3 Rh8 49. Rxh8 Kxh8 50. Nb7 Kg7 51. Nxa5 Kf8 52. Nc6 Ke8 53. a5
Kd7 54. Nxe7 Kxe7 55. Kb3 Kd7 56. Ka4 Kc6 57. Nd6 Nb4 58. Nxf7 1-0

[Event "10th Edmonton International 2015"]
[Site "Edmonton CAN"]
[Date "2015.06.21"]
[Round "2"]
[White "Gardner, R."]
[Black "Ganguly, S."]
[Result "1/2-1/2"]
[WhiteElo "2133"]
[BlackElo "2625"]
[PlyCount "62"]
[EventDate "2015.06.20"]

1. d4 Nf6 2. c4 g6 3. Nc3 d5 4. cxd5 Nxd5 5. e4 Nxc3 6. bxc3 Bg7 7. Qa4+ Qd7 8.
Qb3 O-O 9. Nf3 b6 10. Bd3 c5 11. Be3 Nc6 12. Rd1 Na5 13. Qb1 Bb7 14. O-O cxd4
15. cxd4 Rac8 16. d5 Nc4 17. Bd4 Bxd4 18. Nxd4 e5 19. Nf3 f6 20. Rc1 Nd6 21. h4
Qa4 22. Rxc8 Rxc8 23. Rc1 Rxc1+ 24. Qxc1 Nxe4 25. Qc7 Qd1+ 26. Kh2 Qxd3 27.
Qd8+ Kg7 28. Qe7+ Kg8 29. Qe8+ Kg7 30. Qe7+ Kg8 31. Qe8+ Kg7 1/2-1/2

[Event "Norway Chess 2015"]
[Site "Stavanger NOR"]
[Date "2015.06.22"]
[Round "6"]
[White "Anand, Viswanathan"]
[Black "Vachier-Lagrave, Maxime"]
[Result "1-0"]
[WhiteElo "2804"]
[BlackElo "2723"]
[PlyCount "57"]
[EventDate "2015.06.16"]

1. e4 c5 2. Nf3 d6 3. d4 cxd4 4. Nxd4 Nf6 5. Nc3 a6 6. h3 e6 7. g4 h6 8. Bg2
Nc6 9. Be3 Be7 10. f4 Nd7 11. O-O Nxd4 12. Qxd4 O-O 13. Qd2 Rb8 14. Ne2 b5 15.
Rad1 Qc7 16. f5 Nf6 17. Ng3 Bb7 18. Kh1 Rbd8 19. Bxh6 gxh6 20. Qxh6 d5 21. g5
Qxg3 22. Rd3 Nh5 23. g6 fxg6 24. fxg6 Rxf1+ 25. Bxf1 Nf6 26. Rxg3 dxe4 27. Be2
e3+ 28. Kg1 Bc5 29. Kf1 1-0

[Event "Norway Chess 2015"]
[Site "Stavanger NOR"]
[Date "2015.06.22"]
[Round "6"]
[White "Grischuk, Alexander"]
[Black "Topalov, Veselin"]
[Result "0-1"]
[WhiteElo "2781"]
[BlackElo "2798"]
[PlyCount "78"]
[EventDate "2015.06.16"]

1. d4 Nf6 2. c4 e6 3. Nc3 Bb4 4. f3 c5 5. d5 O-O 6. e4 d6 7. Nge2 b5 8. Nf4
exd5 9. cxd5 a6 10. Be2 Nbd7 11. O-O c4 12. Be3 Bc5 13. Bxc5 Nxc5 14. b4 cxb3
15. axb3 b4 16. Nb5 Qb6 17. Kh1 g5 18. Qd4 Ncd7 19. Qxb6 Nxb6 20. Nc7 Ra7 21.
Nb5 Re7 22. Nxd6 gxf4 23. Bxa6 Rd8 24. Bxc8 Rxd6 25. Bf5 Nbd7 26. g3 fxg3 27.
Rg1 Kf8 28. Rxg3 Nc5 29. Bh3 Re8 30. Rb1 Nh5 31. Rg5 Nf4 32. Bf1 Ra8 33. Bc4
Ra2 34. Rg4 Rh6 35. h4 Nfd3 36. Rg2 Rxh4+ 37. Kg1 Ra7 38. d6 Rh6 39. Rh2 Rxd6
0-1

[Event "Norway Chess 2015"]
[Site "Stavanger NOR"]
[Date "2015.06.22"]
[Round "6"]
[White "Caruana, Fabiano"]
[Black "Hammer, Jon Ludvig"]
[Result "1/2-1/2"]
[WhiteElo "2805"]
[BlackElo "2677"]
[PlyCount "88"]
[EventDate "2015.06.16"]

1. Nf3 d5 2. c4 e6 3. g3 Nf6 4. Bg2 d4 5. e3 Nc6 6. O-O Bc5 7. b4 Bxb4 8. exd4
O-O 9. Bb2 Rb8 10. Na3 Bxa3 11. Bxa3 Re8 12. Bb2 b5 13. Bc3 bxc4 14. Qa4 Bd7
15. Qxc4 Nd5 16. Rfb1 Rb6 17. a4 Qb8 18. Re1 a5 19. Qc5 Nxc3 20. dxc3 Rb2 21.
Ng5 Qb6 22. Ne4 Ne7 23. Qg5 Ng6 24. h4 h6 25. Qg4 Bc6 26. h5 Bxe4 27. Bxe4 Ne7
28. Qf3 Rd8 29. Rab1 Nd5 30. Rxb2 Qxb2 31. Rb1 Qa2 32. Rb7 Qxa4 33. Bxd5 exd5
34. Rxc7 Qe8 35. Rc5 a4 36. Rxd5 Rxd5 37. Qxd5 a3 38. Qa5 Qe1+ 39. Kg2 Qe4+ 40.
Kh2 Qc2 41. Qxa3 Qxf2+ 42. Kh3 Qf1+ 43. Kh2 Qf2+ 44. Kh3 Qf1+ 1/2-1/2

[Event "Norway Chess 2015"]
[Site "Stavanger NOR"]
[Date "2015.06.22"]
[Round "6"]
[White "Giri, Anish"]
[Black "Aronian, Levon"]
[Result "1/2-1/2"]
[WhiteElo "2773"]
[BlackElo "2780"]
[PlyCount "71"]
[EventDate "2015.06.16"]

1. d4 Nf6 2. c4 e6 3. Nf3 d5 4. Nc3 Bb4 5. Bg5 dxc4 6. e4 c5 7. Bxc4 cxd4 8.
Nxd4 Bxc3+ 9. bxc3 Qa5 10. Bb5+ Nbd7 11. Bxf6 Qxc3+ 12. Kf1 gxf6 13. h4 a6 14.
Rh3 Qb4 15. Be2 Ne5 16. Rb1 Qd6 17. Qd2 Bd7 18. Rxb7 Bb5 19. Rb3 Rc8 20. Bxb5+
axb5 21. Qb4 Qxb4 22. Rxb4 O-O 23. R7xb5 Rfd8 24. Ke2 Kg7 25. Ra4 Ra8 26. Rbb4
Rdb8 27. Nb3 Rxb4 28. Rxb4 Rxa2+ 29. Nd2 Kg6 30. g3 h5 31. Rd4 f5 32. exf5+
Kxf5 33. Rf4+ Kg6 34. Rd4 Kf5 35. Rf4+ Kg6 36. Rd4 1/2-1/2

[Event "10th Edmonton International 2015"]
[Site "Edmonton CAN"]
[Date "2015.06.22"]
[Round "3"]
[White "Harikrishna, P."]
[Black "Gardner, R."]
[Result "1-0"]
[WhiteElo "2733"]
[BlackElo "2133"]
[PlyCount "47"]
[EventDate "2015.06.20"]

1. d4 Nf6 2. Nf3 e6 3. c4 b6 4. e3 Bb7 5. Bd3 Ne4 6. O-O f5 7. d5 Bd6 8. Nd4
Qh4 9. f4 O-O 10. Nd2 exd5 11. cxd5 Bxd5 12. Nxf5 Rxf5 13. Bxe4 Bxe4 14. Nxe4
Nc6 15. Nxd6 cxd6 16. Qxd6 Rh5 17. h3 Rh6 18. Qd5+ Kh8 19. Bd2 Rg6 20. f5 Rg5
21. e4 Rh5 22. Rf4 Qg3 23. Rg4 Qc7 24. Qf7 1-0

[Event "10th Edmonton International 2015"]
[Site "Edmonton CAN"]
[Date "2015.06.22"]
[Round "3"]
[White "Haessel, D."]
[Black "Shankland, S."]
[Result "0-1"]
[WhiteElo "2180"]
[BlackElo "2656"]
[PlyCount "86"]
[EventDate "2015.06.20"]

1. d4 Nf6 2. c4 e6 3. Nf3 d5 4. Nc3 Bb4 5. cxd5 exd5 6. Bf4 O-O 7. e3 c5 8. Be2
Ne4 9. Rc1 Bf5 10. Qb3 Nc6 11. dxc5 Nxc5 12. Qd1 Ne4 13. Nd4 Bg6 14. Nxc6 bxc6
15. Qa4 d4 16. Qxb4 dxc3 17. Rd1 c5 18. Qa3 cxb2 19. Rxd8 b1=Q+ 20. Rd1 Qb4+
21. Qxb4 cxb4 22. f3 Nc3 23. Rd2 Rfd8 24. e4 f6 25. Rb2 a5 26. Bc4+ Bf7 27.
Bxf7+ Kxf7 28. Bd2 Na4 29. Rc2 Rac8 30. Kd1 Nc3+ 31. Ke1 Nb5 32. Rxc8 Rxc8 33.
Kd1 Na3 34. Bc1 Rc2 35. Bxa3 Rxa2 36. Bc1 b3 37. Re1 b2 38. Bxb2 Rxb2 39. Re2
Rxe2 40. Kxe2 Ke6 41. f4 Kd6 42. Kd3 Kc5 43. h4 h5 0-1

[Event "10th Edmonton International 2015"]
[Site "Edmonton CAN"]
[Date "2015.06.22"]
[Round "3"]
[White "Ganguly, S."]
[Black "Pechenkin, V."]
[Result "1-0"]
[WhiteElo "2625"]
[BlackElo "2314"]
[PlyCount "87"]
[EventDate "2015.06.20"]

1. e4 e6 2. d4 d5 3. Nc3 Nf6 4. e5 Nfd7 5. f4 c5 6. Nf3 Nc6 7. Be3 a6 8. Qd2 b5
9. dxc5 Bxc5 10. Bd3 Qb6 11. Bf2 Bb7 12. O-O Bxf2+ 13. Qxf2 Qxf2+ 14. Rxf2 b4
15. Ne2 Ke7 16. a3 a5 17. Bb5 Nc5 18. Bxc6 Bxc6 19. Ned4 Bd7 20. axb4 axb4 21.
Rff1 Rhb8 22. Nd2 f6 23. Kf2 Be8 24. Ke3 Rc8 25. g4 Kd7 26. h4 fxe5 27. fxe5
Ke7 28. g5 Na4 29. Ra2 Nb6 30. Rfa1 Ba4 31. b3 Be8 32. Rxa8 Rxa8 33. Rxa8 Nxa8
34. N2f3 Kd7 35. Ne1 Bg6 36. Ng2 Nc7 37. Nf4 Be8 38. Nde2 Ke7 39. Kd4 Na6 40.
Ng3 Bb5 41. Nh1 Kf7 42. Nf2 Ke7 43. Ng4 Bd7 44. h5 1-0